Избранные переводы. Т. 2: [Как вам это понравится | Зимняя сказка (Запись № 8136888)

Подробности
000 -МАРКЕР
контрольное поле 01792nam2a22002771 4500
001 - ИДЕНТИФИКАТОР ЗАПИСИ
контрольное поле rc\4834992
005 - ИДЕНТИФИКАТОР ВЕРСИИ
контрольное поле 20250612192630.0
035 ## - ДРУГИЕ СИСТЕМНЫЕ НОМЕРА
Идентификатор записи (NLR Aleph) 008806830
100 ## - ДАННЫЕ ОБЩЕЙ ОБРАБОТКИ
Данные общей обработки 20130426d1958 |||y0rusy50 ca
101 1# - ЯЗЫК РЕСУРСА
Язык текста, звукозаписи и т.д. русский
Язык оригинала английский
102 ## - СТРАНА ПУБЛИКАЦИИ ИЛИ ПРОИЗВОДСТВА
Страна публикации Российская Федерация
105 ## - ПОЛЕ КОДИРОВАННЫХ ДАННЫХ: ТЕКСТОВЫЕ МАТЕРИАЛЫ, МОНОГРАФИЧЕСКИЕ
Кодированные данные о монографическом текстовом документе y z |||||
200 1# - ЗАГЛАВИЕ И СВЕДЕНИЯ ОБ ОТВЕТСТВЕННОСТИ
Основное заглавие [Как вам это понравится
-- Зимняя сказка
210 ## - ПУБЛИКАЦИЯ, РАСПРОСТРАНЕНИЕ И ДР.
Дата издания, распространения и т.д. 1958
Место издания, распространения и т.д. Б. м.
215 ## - ФИЗИЧЕСКАЯ ХАРАКТЕРИСТИКА
Специфическое обозначение материала и объем 575 с.
423 #0 - ИЗДАЕТСЯ В ОДНОЙ ОБЛОЖКЕ ВМЕСТЕ С ...
Встроенное поле 1011#$arus$cspa
-- 2001#$aУчитель танцев]
-- 700#1$aЛопе де Вега$bФ.К.$f15621635$gФеликс Карпио
Заглавие Учитель танцев]
Автор Лопе де Вега, Феликс Карпио (15621635)
423 #0 - ИЗДАЕТСЯ В ОДНОЙ ОБЛОЖКЕ ВМЕСТЕ С ...
Встроенное поле 1011#$arus$cfre
-- 2001#$aРюи Блаз
-- 700#1$aГюго$bВ.$f1802-1885$gВиктор
Заглавие Рюи Блаз
Автор Гюго, Виктор (1802-1885)
423 #0 - ИЗДАЕТСЯ В ОДНОЙ ОБЛОЖКЕ ВМЕСТЕ С ...
Встроенное поле 1011#$arus$cspa
-- 2001#$aДама-невидимка
-- 700#1$aКальдерон де ла Барка$bП.$f1600-1681$gПедро
Заглавие Дама-невидимка
Автор Кальдерон де ла Барка, Педро (1600-1681)
461 #0 - УРОВЕНЬ НАБОРА
Встроенное поле 001rc\4834990
-- 2001#$aИзбранные переводы$f[Сост., выступ. статья и примеч. С.С. Мокульского. В 2 т.]. Т.1-2$vТ. 2
-- 700#1$aЩепкина-Куперник$bТ.Л.$f1874-1952$gТатьяна Львовна
Системный номер (АБИС) связанной записи 8136880
Автор Щепкина-Куперник, Т.Л. (1874-1952)
Место публикации [Москва
Дата публикации 1957-1958]
Первые сведения об ответственности [Сост., выступ. статья и примеч. С.С. Мокульского. В 2 т.]. Т.1-2
Имя издателя, распространителя и т.д. Гослитиздат
Физическая характеристика 2 т.
Заглавие Избранные переводы
Номер тома Т. 2
700 #1 - ИМЯ ЛИЦА - ПЕРВИЧНАЯ ОТВЕТСТВЕННОСТЬ
Начальный элемент ввода Шекспир
Часть имени, кроме начального элемента ввода В.
Даты 1564-1616
Расширение инициалов личного имени Вильям
801 #0 - ИСТОЧНИК ЗАПИСИ
Страна Российская Федерация
Организация NLR
Правила каталогизации psbo
801 #1 - ИСТОЧНИК ЗАПИСИ
Страна Российская Федерация
Организация ELAR
Источник данных rusmarc
852 ## - МЕСТОНАХОЖДЕНИЕ И ШИФР ХРАНЕНИЯ
Идентификатор организации NLR
Шифр хранения (Call Number) 58-5/186
942 ## - ДОПОЛНИТЕЛЬНЫЕ ЭЛЕМЕНТЫ ЗАПИСИ (АБИС)
Тип экземпляра АБИС Книга
980 ## - КОЛЛЕКЦИЯ
Название коллекции Национальная библиография
Экземпляры
Тип экземпляра Дата поступления Библиотека постоянного хранения Библиотека текущего хранения Место хранения Шифр хранения Штрих-код Статус экземпляра
Книга 26.10.2013 РНБ (Московский) РНБ (Московский) Русский книжный фонд: издания с 1957 года 58-5/186 1-1677475